| 000 | 00701nam a2200181 i 4500 | ||
|---|---|---|---|
| 001 | 102379 | ||
| 003 | ES-MaACL | ||
| 005 | 20231223063054.0 | ||
| 007 | t| | ||
| 008 | 051110s1983 ag ||||1| spa d | ||
| 100 | 1 |
_aMeneu Monleón, Pascual _980349 |
|
| 245 | 1 | 3 |
_aLa protección jurisdiccional de los derechos y garantías constitucionales _b: su antecedente en el fuero de manifestación aragonés / _cPascual Meneu. |
| 260 |
_aBuenos Aires : _bUniversidad, _c1983. |
||
| 300 |
_a7 h. ; _c23 cm. |
||
| 500 | _aEs tirada aparte de la "Revista de la Universidad de Buenos Aires", vol. 6. Homenaje a Rafael Bielsa. | ||
| 852 |
_aES-MaACL _j2128-F-9 _bR.106201 |
||
| 999 |
_c102379 _d102379 |
||